Central Library OPAC University of Rajshahi

বাঙালনামা / (Record no. 39945)

MARC details
000 -LEADER
fixed length control field 01053nam a2200253 a 4500
001 - CONTROL NUMBER
control field 39945
003 - CONTROL NUMBER IDENTIFIER
rucl marc code BD-RjUL
005 - DATE AND TIME OF LATEST TRANSACTION
control field 20211209053111.0
008 - FIXED-LENGTH DATA ELEMENTS--GENERAL INFORMATION
fixed length control field 160420r20132009ii a|||| |||| 001 0 ben d
020 ## - INTERNATIONAL STANDARD BOOK NUMBER
International Standard Book Number 8177566695
Terms of availability : Tk. 990.00
035 ## - SYSTEM CONTROL NUMBER
System control number (BD-RjUL)40059
040 ## - CATALOGING SOURCE
Original cataloging agency BD-RjUL
Language of cataloging ben
Transcribing agency BD-RjUL
041 ## - LANGUAGE CODE
Language code of text/sound track or separate title ben
082 ## - DEWEY DECIMAL CLASSIFICATION NUMBER
Edition number 23
Author mark and year ROB 2013
Classification number 928.9144
100 ## - MAIN ENTRY--PERSONAL NAME
Personal name রায়চৌধুরী, তপন
9 (RLIN) 119985
245 10 - TITLE STATEMENT
Title বাঙালনামা /
Statement of responsibility, etc. তপন রায়চৌধুরী
250 ## - EDITION STATEMENT
Edition statement ২য় সং.
260 ## - PUBLICATION, DISTRIBUTION, ETC. (IMPRINT)
Place of publication, distribution, etc. কলকাতা :
Name of publisher, distributor, etc. আনন্দ পাবলিশার্স প্রাইভেট লিমিটেড,
Date of publication, distribution, etc. ২০০৯ [ মুদ্রণ ২০১৩]
300 ## - PHYSICAL DESCRIPTION
Pagination [২], ৪১৯ পৃ. [৩২] প্লেট :
Illustrations চিত্র ;
Size ২৫ সেমি
500 ## - GENERAL NOTE
General note নির্ঘণ্ট সংযুক্ত
600 ## - SUBJECT ADDED ENTRY--PERSONAL NAME
Personal name রায়চৌধুরী, তপন
General subdivision জীবনী
Personal name Roychowdhury, Tapan
General subdivision biography
942 ## - ADDED ENTRY ELEMENTS (KOHA)
Source of classification or shelving scheme Dewey Decimal Classification
Koha item type Books
Holdings
Lost status Source of classification or shelving scheme Damaged status Not for loan Collection code Permanent Location Current Location Shelving location Date acquired Source of acquisition Cost, normal purchase price Total Checkouts Full call number Date last seen Copy number Koha item type Date checked out
  Dewey Decimal Classification   Not For Loan Non-fiction Central Library, University of Rajshahi Central Library, University of Rajshahi Reading Room 05/07/2015 Batighar, Chittagong 990.00   B 928.9144 ROB 2013 20/04/2016 C-1 Books  
  Dewey Decimal Classification     Non-fiction Central Library, University of Rajshahi Central Library, University of Rajshahi   05/07/2015 Batighar, Chittagong 990.00 5 B 928.9144 ROB 2013 13/03/2025 C-2 Books 26/02/2025
  Dewey Decimal Classification     Non-fiction Central Library, University of Rajshahi Central Library, University of Rajshahi   09/07/2013 Space marketing comm., Dhaka 1000.00   B 928.9144 ROB 2013 02/05/2017 C-3 Books